|
|
|
|
| LEADER |
00000nab a2200000 a 4500 |
| 001 |
vtls000840560 |
| 003 |
SK-MaSNL |
| 005 |
20260302165040.0 |
| 008 |
160322c2003 xo 0 slo |
| 015 |
|
|
|a SNBRB2003/07-20658
|
| 035 |
|
|
|a CLN000192215
|
| 040 |
|
|
|a SNKBUCL
|b slo
|c SNKBUCL
|e AACR2
|
| 041 |
0 |
|
|a slo
|
| 044 |
|
|
|a xo
|c SK
|
| 080 |
|
|
|a 78.071.1/.2:784.66
|2 UDC-MRF-SK2
|
| 080 |
|
|
|a 784.66
|2 UDC-MRF-SK2
|
| 080 |
|
|
|a 929 Dušík, Gabo
|2 UDC-MRF-SK2
|
| 100 |
1 |
|
|a Bombošová, Bibiána
|4 ain
|9 858091
|
| 245 |
1 |
0 |
|a Som veľký "scifista"
|b Gabo Dušík (42), jediný člen skupiny Argo, má v rukách kybernetický svet
|c [zhovárala sa] bibiána Bombošová
|
| 300 |
|
|
|b Fotogr.
|
| 600 |
1 |
7 |
|a Dušík, Gabriel,
|d 1961-
|2 snkbucl
|9 41776
|
| 610 |
|
7 |
|a ARGO (hudobná skupina)
|2 snkbucl
|9 31948
|
| 655 |
|
7 |
|a články z novín a časopisov
|2 snkbucl
|9 267496
|
| 700 |
1 |
|
|a Dušík, Gabriel,
|d 1961-
|4 aut
|4 uin
|9 41776
|
| 773 |
0 |
|
|x 0139-7451
|t Eurotelevízia
|g Roč. 13, č. 30 (2003), s. 14
|
| 850 |
|
|
|a Slovenská národná knižnica v Martine
|
| 852 |
|
|
|a SNK
|b KIS3GCP
|
| 958 |
|
|
|a BX
|
| 958 |
|
|
|a RBX
|
| 999 |
|
|
|c 1388713
|d 1390643
|